The call of the wild
| Main Author: | |
|---|---|
| Format: | Book |
| Published: |
New York :
Boronet Books ,
19--?
|
| Subjects: |
MARC
| LEADER | 00000cam a2200000 7i4500 | ||
|---|---|---|---|
| 001 | 0000008965 | ||
| 002 | 000009766 | ||
| 005 | 20020423.0 | ||
| 020 | |a T000000721 | ||
| 090 | 0 | 0 | |a JF |b LON |
| 100 | 1 | |a London, Jack | |
| 245 | 1 | 4 | |a The call of the wild |c Jack London |
| 260 | |a New York : |b Boronet Books , |c 19--? | ||
| 300 | |a 239p. ; |c 21cm. | ||
| 650 | 0 | 0 | |a Children's stories |
| 999 | |a 029218 |b BUKU |c PINJAMAN |e PERPUSTAKAAN KOMUNITI PETALING JAYA | ||